Spot the Difference XVIII Quiz Stats

 Plays Quiz Updated Aug 16, 2017

Support Sporcle.
Go Orange.
Score 0/5 Timer 03:00
6 Plays Today
% Correct
Difference 3
96.8%
Difference 5
84.5%
Difference 1
72.5%
Difference 4
53%
Difference 2
46.8%

From the Vault

Fellowship of the Ring

by Derek

One Sporcle to Rule Them All. One Sporcle to Find Them. One Sporcle to Bring Them All and In The Smartness Bind Them.
Remove Ads.
Support Sporcle.
Get the best of Sporcle when you Go Orange. This ad-free experience offers more features, more stats, and more fun while also helping to support Sporcle. Thank you for becoming a member.

Show Comments

Extras

Top Quizzes Today


Score Distribution

Your Account Isn't Verified!

In order to create a playlist on Sporcle, you need to verify the email address you used during registration. Go to your Sporcle Settings to finish the process.

Report this User

Report this user for behavior that violates our Community Guidelines.

Details: